| 000 | 00501nam a2200193Ia 4500 | ||
|---|---|---|---|
| 005 | 20240320115319.0 | ||
| 008 | 131103s9999 xx 000 0 und d | ||
| 040 | _aLoreto College | ||
| 041 | _aEnglish | ||
| 082 |
_a420.7 _bCOL |
||
| 100 | _aCole, Wilton | ||
| 245 |
_aSound and sense _b A handbook on elocution _cWilton Cole |
||
| 260 |
_aLondon _bGeorge Allen & Unwin _c1960 |
||
| 300 | _avii,82p. | ||
| 504 | _aInclues index | ||
| 650 | _aEnglish language | ||
| 850 | _aLCBED | ||
| 942 | _cBK | ||
| 999 |
_c27506 _d77985 |
||